Statistics for Top 25 Strongest Military's By Firepower

Click here to take the quiz!

General Stats

  • This quiz has been taken 245 times
  • The average score is 22 of 25

Answer Stats

HintAnswer% Correct
3rd: 0.0988China
100%
2nd: 0.0964Russia
100%
1st: 0.0897United States Of America
100%
5th: 0.1993France
97%
4th: 0.1661India
97%
6th: 0.2164United Kingdom
97%
11th: 0.2824South Korea
95%
9th: 0.2646Germany
94%
7th: 0.2466Japan
93%
22nd: 0.4192Canada
91%
23rd: 0.4209Australia
89%
21st: 0.4071Iran
89%
25th: 0.4442North Korea
89%
15th: 0.3359Brazil
88%
10th: 0.2724Italy
87%
12th: 0.3056Egypt
85%
13th: 0.3246Pakistan
85%
8th: 0.2623Turkey
84%
24th: 0.4335Saudi Arabia
83%
16th: 0.3591Israel
79%
14th: 0.3354Indonesia
75%
17th: 0.3684Vietnam
73%
18th: 0.3909Poland
70%
20th: 0.4068Thailand
68%
19th: 0.3958Taiwan
58%

Score Distribution

Percentile by Number Answered

Percent of People with Each Score

Your Score History

You have not taken this quiz